000 00300nam a22001337a 4500
008 180301b xxu||||| |||| 00| 0 eng d
020 _a9780323084819
041 _aeng
080 _a61
100 _a3
101 _aSHM
245 _a2013 INTERAVENOUS MEDICATIONS
_cBETTY.L.G
942 _2udc
_cBK
999 _c43813
_d43813